00409nam a2200157Ia 4500003000400000008004100004040001600045082001300061100002100074245004300095260004000138300001000178490002600188650001500214650002200229GCL140319s9999 xx 000 0 eng d aGCL / cGCL04a843bP P1 aPOULAILLE, HENRY10aLA PAIN QUOTIDIEN / cPOULAILLE, HENRY a[S.N] : bBERNARD GRASSET ، c1986 a356 P aLES CAHIERS ROUGESv004aLITERATURE04aFRENCH LITERATURE